00420nam a2200157 a 4500020001800000082001800018100001900036245004800055260003900103300001000142500003500152505001700187650001900204650002000223700001900243 a8120889 00a294.5921bSHA aSharma, Arvind aExperimental Dimensions of Advaita Vedanta. aDelhi bMotilal Banarsidass c1993 a116p. aincludes index and biblioraphy2 aBibliography aVedas-Hinduism aAdvaita Vedanta1 aSharma, Arvind